{"text_format":"3","workbook":"xlsx","n_sheets":2,"sheets":["Rekapitulácia stavby","01 - Stavebná časť"],"not_rendered":{"defined_names":5},"read":"whole","date_system":"1900"}

{"sheet":"Rekapitulácia stavby","index":0,"n_rows":95,"n_cols":91,"rows_kept":95,"hidden":true,"merged":[[1,43,1,56],[4,10,4,40],[4,56,33,56],[5,10,5,40],[13,4,13,35],[22,4,22,39],[25,36,25,40],[27,11,27,15],[27,22,27,30],[27,36,27,40],[28,11,28,15],[28,22,28,30],[28,36,28,40],[29,11,29,15],[29,22,29,30],[29,36,29,40],[30,11,30,15],[30,22,30,30],[30,36,30,40],[31,11,31,15],[31,22,31,30],[31,36,31,40],[32,11,32,15],[32,22,32,30],[32,36,32,40],[34,23,34,27],[34,36,34,40],[84,11,84,40],[86,38,86,39],[88,38,88,41],[88,44,90,45],[89,38,89,41],[91,2,91,6],[91,8,91,31],[91,32,91,38],[91,39,91,41],[93,32,93,38],[93,39,93,41],[94,3,94,7],[94,9,94,31],[94,32,94,38],[94,39,94,41]]}
["Export Komplet",{"$nulls":50},"","2.0","",{"$nulls":17},"False","False","{10162421-7de9-46ae-8eec-bb439980bab7}"]
[{"$nulls":43},">>  skryté stĺpce  <<",{"$nulls":26},"0,01","20"]
[{"$nulls":70},"0,01","20"]
[{"$nulls":3},"REKAPITULÁCIA STAVBY",{"$nulls":40},"v ---  nižšie sa nachádzajú doplnkové a pomocné údaje k zostavám  --- v",{"$nulls":11},"Návod na vyplnenie",{"$nulls":13},"0,001"]
[{"$nulls":3},"Kód:",{"$nulls":6},"190808",{"$nulls":45},"Meniť je možné iba bunky so žltým podfarbením!\r\n\r\n1) na prvom liste Rekapitulácie stavby vyplňte v zostave\r\n\r\n    a) Rekapitulácia stavby\r\n       - údaje o Zhotoviteľovi\r\n         (prenesú sa do ostatných zostáv aj v iných listoch)\r\n\r\n    b) Rekapitulácia objektov stavby\r\n       - potrebné Ostatné náklady\r\n\r\n2) na vybraných listoch vyplňte v zostave\r\n\r\n    a) Krycí list\r\n       - údaje o Zhotoviteľovi, pokiaľ sa líšia od údajov o Zhotoviteľovi na Rekapitulácii stavby\r\n         (údaje se prenesú do ostatných zostav v danom liste)\r\n\r\n    b) Rekapitulácia rozpočtu\r\n       - potrebné Ostatné náklady\r\n\r\n    c) Celkové náklady za stavbu\r\n       - ceny na položkách\r\n       - množstvo, pokiaľ má žlté podfarbenie\r\n       - a v prípade potreby poznámku (tá je v skrytom stĺpci)",{"$nulls":13},"0,01"]
[{"$nulls":3},"Stavba:",{"$nulls":6},"Stavebné úpravy amfiteátra v Ľubotíne",{"$nulls":59},"0,01"]
[{"$nulls":3},"JKSO:",{"$nulls":6},"",{"$nulls":25},"KS:",null,null,"",{"$nulls":30},"0,01"]
[{"$nulls":3},"Miesto:",{"$nulls":6},"Ľubotín",{"$nulls":25},"Dátum:",null,null,"8. 8. 2019",{"$nulls":30},"0,01"]
[{"$nulls":70},"0,01"]
[{"$nulls":3},"Objednávateľ:",{"$nulls":32},"IČO:",null,null,"",{"$nulls":30},"0,01"]
[{"$nulls":4},"Obec Ľubotín, Na rovni 302/12, 065 41 Ľubotín",{"$nulls":31},"IČ DPH:",null,null,"",{"$nulls":30},"0,01"]
[{"$nulls":70},"0,01"]
[{"$nulls":3},"Zhotoviteľ:",{"$nulls":32},"IČO:",null,null,"Vyplň údaj",{"$nulls":30},"0,01"]
[{"$nulls":4},"Vyplň údaj",{"$nulls":31},"IČ DPH:",null,null,"Vyplň údaj",{"$nulls":30},"0,01"]
[{"$nulls":70},"False"]
[{"$nulls":3},"Projektant:",{"$nulls":32},"IČO:",null,null,"",{"$nulls":30},"False"]
[{"$nulls":4},"STAVARCH, s.r.o., 17.novembra 1363/9, 064 01 SL",{"$nulls":31},"IČ DPH:",null,null,"",{"$nulls":30},"True"]
[{"$nulls":70},"0,01"]
[{"$nulls":3},"Spracovateľ:",{"$nulls":32},"IČO:",null,null,"",{"$nulls":30},"0,01"]
[{"$nulls":4}," ",{"$nulls":31},"IČ DPH:",null,null,"",{"$nulls":30},"True"]
[]
[{"$nulls":3},"Poznámka:"]
[{"$nulls":4},""]
[]
[]
[{"$nulls":3},"Cena bez DPH",{"$nulls":32},{"$f":"ROUND(AG94,2)","v":{"$error":"#REF!"}}]
[]
[{"$nulls":11},"Sadzba dane",{"$nulls":10},"Základ dane",{"$nulls":13},"Výška dane"]
[{"$nulls":3},"DPH",null,"základná",{"$nulls":5},{"v":0.2,"d":"20.00%"},{"$nulls":10},{"$f":"ROUND(AZ94, 2)","v":{"$error":"#REF!"}},{"$nulls":13},{"$f":"ROUND(AV94, 2)","v":{"$error":"#REF!"}}]
[{"$nulls":5},"znížená",{"$nulls":5},{"v":0.2,"d":"20.00%"},{"$nulls":10},{"$f":"ROUND(BA94, 2)","v":{"$error":"#REF!"}},{"$nulls":13},{"$f":"ROUND(AW94, 2)","v":{"$error":"#REF!"}}]
[{"$nulls":5},"zákl. prenesená",{"$nulls":5},{"v":0.2,"d":"20.00%"},{"$nulls":10},{"$f":"ROUND(BB94, 2)","v":{"$error":"#REF!"}},{"$nulls":13},{"v":0,"d":"0.00"}]
[{"$nulls":5},"zníž. prenesená",{"$nulls":5},{"v":0.2,"d":"20.00%"},{"$nulls":10},{"$f":"ROUND(BC94, 2)","v":{"$error":"#REF!"}},{"$nulls":13},{"v":0,"d":"0.00"}]
[{"$nulls":5},"nulová",{"$nulls":5},{"v":0,"d":"0.00%"},{"$nulls":10},{"$f":"ROUND(BD94, 2)","v":{"$error":"#REF!"}},{"$nulls":13},{"v":0,"d":"0.00"}]
[]
[{"$nulls":3},"Cena s DPH",{"$nulls":15},"v",{"$nulls":3},"EUR",{"$nulls":12},{"$f":"SUM(AK26:AK33)","v":{"$error":"#REF!"}}]
{"$rows_empty":13}
[{"$nulls":3},"Projektant",{"$nulls":29},"Spracovateľ"]
{"$rows_empty":10}
[{"$nulls":3},"Dátum a podpis:",{"$nulls":17},"Pečiatka",{"$nulls":11},"Dátum a podpis:",{"$nulls":4},"Pečiatka"]
[]
[]
[]
[{"$nulls":3},"Objednávateľ",{"$nulls":29},"Zhotoviteľ"]
{"$rows_empty":10}
[{"$nulls":3},"Dátum a podpis:",{"$nulls":17},"Pečiatka",{"$nulls":11},"Dátum a podpis:",{"$nulls":4},"Pečiatka"]
[]
[]
[]
[]
[]
[]
[null,null,"REKAPITULÁCIA OBJEKTOV STAVBY"]
[]
[null,null,"Kód:",{"$nulls":8},{"$f":"K5","v":"190808"}]
[null,null,"Stavba:",{"$nulls":8},{"$f":"K6","v":"Stavebné úpravy amfiteátra v Ľubotíne"}]
[]
[null,null,"Miesto:",{"$nulls":8},{"$f":"IF(K8=\"\",\"\",K8)","v":"Ľubotín"},{"$nulls":22},"Dátum:",{"$nulls":3},{"$f":"IF(AN8= \"\",\"\",AN8)","v":"8. 8. 2019"}]
[]
[null,null,"Objednávateľ:",{"$nulls":8},{"$f":"IF(E11= \"\",\"\",E11)","v":"Obec Ľubotín, Na rovni 302/12, 065 41 Ľubotín"},{"$nulls":22},"Projektant:",{"$nulls":3},{"$f":"IF(E17=\"\",\"\",E17)","v":"STAVARCH, s.r.o., 17.novembra 1363/9, 064 01 SL"},{"$nulls":5},"Informatívne údaje z listov zákaziek"]
[null,null,"Zhotoviteľ:",{"$nulls":8},{"$f":"IF(E14= \"Vyplň údaj\",\"\",E14)","v":""},{"$nulls":22},"Spracovateľ:",{"$nulls":3},{"$f":"IF(E20=\"\",\"\",E20)","v":" "}]
[]
[null,null,"Kód",{"$nulls":5},"Popis",{"$nulls":23},"Cena bez DPH [EUR]",{"$nulls":6},"Cena s DPH [EUR]",null,null,"Typ",null,"z toho Ostat.\r\nnáklady [EUR]","DPH [EUR]","Normohodiny [h]","DPH základná [EUR]","DPH znížená [EUR]","DPH základná prenesená\r\n[EUR]","DPH znížená prenesená\r\n[EUR]","Základňa\r\nDPH základná","Základňa\r\nDPH znížená","Základňa\r\nDPH zákl. prenesená","Základňa\r\nDPH zníž. prenesená","Základňa\r\nDPH nulová"]
[]
[null,null,"Náklady z rozpočtov",{"$nulls":29},{"$f":"ROUND(AG95,2)","v":{"$error":"#REF!"}},{"$nulls":6},{"$f":"SUM(AG94,AT94)","v":{"$error":"#REF!"}},null,null,"",null,{"$f":"ROUND(AS95,2)","v":{"v":0,"d":"0.00"}},{"$f":"ROUND(SUM(AV94:AW94),2)","v":{"$error":"#REF!"}},{"$f":"ROUND(AU95,5)","v":{"v":0,"d":"0.00000"}},{"$f":"ROUND(AZ94*L29,2)","v":{"$error":"#REF!"}},{"$f":"ROUND(BA94*L30,2)","v":{"$error":"#REF!"}},{"$f":"ROUND(BB94*L29,2)","v":{"$error":"#REF!"}},{"$f":"ROUND(BC94*L30,2)","v":{"$error":"#REF!"}},{"$f":"ROUND(AZ95,2)","v":{"$error":"#REF!"}},{"$f":"ROUND(BA95,2)","v":{"$error":"#REF!"}},{"$f":"ROUND(BB95,2)","v":{"$error":"#REF!"}},{"$f":"ROUND(BC95,2)","v":{"$error":"#REF!"}},{"$f":"ROUND(BD95,2)","v":{"$error":"#REF!"}},{"$nulls":14},"D","0","###NOIMPORT###","IMPORT","{10162421-7de9-46ae-8eec-bb439980bab7}","{00000000-0000-0000-0000-000000000000}",{"$nulls":13},""]
["/",null,null,"01",{"$nulls":5},"Stavebná časť",{"$nulls":22},{"$f":"'01 - Stavebná časť'!#REF!","v":{"$error":"#REF!"}},{"$nulls":6},{"$f":"SUM(AG95,AT95)","v":{"$error":"#REF!"}},null,null,"STA",null,{"v":0,"d":"0.00"},{"$f":"ROUND(SUM(AV95:AW95),2)","v":{"$error":"#REF!"}},{"$f":"'01 - Stavebná časť'!P52","v":{"v":0,"d":"0.00000"}},{"$f":"'01 - Stavebná časť'!#REF!","v":{"$error":"#REF!"}},{"$f":"'01 - Stavebná časť'!#REF!","v":{"$error":"#REF!"}},{"$f":"'01 - Stavebná časť'!#REF!","v":{"$error":"#REF!"}},{"$f":"'01 - Stavebná časť'!#REF!","v":{"$error":"#REF!"}},{"$f":"'01 - Stavebná časť'!#REF!","v":{"$error":"#REF!"}},{"$f":"'01 - Stavebná časť'!#REF!","v":{"$error":"#REF!"}},{"$f":"'01 - Stavebná časť'!#REF!","v":{"$error":"#REF!"}},{"$f":"'01 - Stavebná časť'!#REF!","v":{"$error":"#REF!"}},{"$f":"'01 - Stavebná časť'!#REF!","v":{"$error":"#REF!"}},{"$nulls":15},"1",null,"IMPORT","{6348fa77-4296-4bbc-9b24-541509c20bd1}","{10162421-7de9-46ae-8eec-bb439980bab7}",{"$nulls":13},"","0"]

{"sheet":"01 - Stavebná časť","index":1,"n_rows":129,"n_cols":65,"rows_kept":129,"merged":[[6,4,6,7],[8,4,8,7],[41,4,41,7],[43,4,43,7],[48,5,48,7]]}
[]
[]
[]
[null,null,"REKAPITULÁCIA ROZPOČTU"]
[]
[null,null,"Stavba:"]
[{"$nulls":4},{"$f":"#REF!","v":{"$error":"#REF!"}}]
[null,null,"Objekt:"]
[{"$nulls":4},{"$f":"#REF!","v":{"$error":"#REF!"}}]
[]
[null,null,"Miesto:",null,null,{"$f":"#REF!","v":{"$error":"#REF!"}},null,null,"Dátum:",{"$f":"IF(#REF!=\"\",\"\",#REF!)","v":{"$error":"#REF!"}}]
[]
[null,null,"Objednávateľ:",null,null,{"$f":"#REF!","v":{"$error":"#REF!"}},null,null,"Projektant:",{"$f":"#REF!","v":{"$error":"#REF!"}}]
[null,null,"Zhotoviteľ:",null,null,{"$f":"IF(#REF!=\"\",\"\",#REF!)","v":{"$error":"#REF!"}},null,null,"Spracovateľ:",{"$f":"#REF!","v":{"$error":"#REF!"}}]
[]
[null,null,"Kód dielu - Popis",{"$nulls":6},"Cena celkom [EUR]"]
[]
[null,null,"Náklady z rozpočtu",{"$nulls":6},{"$f":"J52","v":{"v":0,"d":"0.00"}},{"$nulls":36},"-1"]
[{"$nulls":3},"HSV - Práce a dodávky HSV",{"$nulls":5},{"$f":"J53","v":{"v":0,"d":"0.00"}}]
[{"$nulls":3},"    1 - Zemné práce",{"$nulls":5},{"$f":"J54","v":{"v":0,"d":"0.00"}}]
[{"$nulls":3},"    2 - Zakladanie",{"$nulls":5},{"$f":"J64","v":{"v":0,"d":"0.00"}}]
[{"$nulls":3},"    5 - Komunikácie",{"$nulls":5},{"$f":"J69","v":{"v":0,"d":"0.00"}}]
[{"$nulls":3},"    9 - Ostatné konštrukcie a práce-búranie",{"$nulls":5},{"$f":"J73","v":{"v":0,"d":"0.00"}}]
[{"$nulls":3},"    99 - Presun hmôt HSV",{"$nulls":5},{"$f":"J79","v":{"v":0,"d":"0.00"}}]
[{"$nulls":3},"PSV - Práce a dodávky PSV",{"$nulls":5},{"$f":"J81","v":{"v":0,"d":"0.00"}}]
[{"$nulls":3},"    721 - Zdravotechnika - vnútorná kanalizácia",{"$nulls":5},{"$f":"J82","v":{"v":0,"d":"0.00"}}]
[{"$nulls":3},"    762 - Konštrukcie tesárske",{"$nulls":5},{"$f":"J84","v":{"v":0,"d":"0.00"}}]
[{"$nulls":3},"    763 - Konštrukcie - drevostavby",{"$nulls":5},{"$f":"J100","v":{"v":0,"d":"0.00"}}]
[{"$nulls":3},"    764 - Konštrukcie klampiarske",{"$nulls":5},{"$f":"J104","v":{"v":0,"d":"0.00"}}]
[{"$nulls":3},"    765 - Konštrukcie - krytiny tvrdé",{"$nulls":5},{"$f":"J119","v":{"v":0,"d":"0.00"}}]
[{"$nulls":3},"    766 - Konštrukcie stolárske",{"$nulls":5},{"$f":"J123","v":{"v":0,"d":"0.00"}}]
[{"$nulls":3},"    783 - Nátery",{"$nulls":5},{"$f":"J127","v":{"v":0,"d":"0.00"}}]
[]
[]
[]
[]
[]
[]
[null,null,"ZADANIE"]
[]
[null,null,"Stavba:"]
[{"$nulls":4},"Stavebné úpravy amfiteátra v Ľubotíne – zastrešenie pódia "]
[null,null,"Objekt:"]
[{"$nulls":4},"Stavebná časť"]
[]
[null,null,"Miesto:",null,null,"Ľubotín",null,null,"Dátum:"]
[]
[null,null,"Objednávateľ:",null,null,"Obec Ľubotín, Na rovni 302/12, 065 41 Ľubotín",null,null,"Projektant:","STAVARCH, s.r.o."]
[null,null,"Zhotoviteľ:",{"$nulls":5},"Spracovateľ:"]
[]
[null,null,"PČ","Typ","Kód","Popis","MJ","Množstvo","J.cena [EUR]","Cena celkom [EUR]","Cenová sústava",null,"","DPH","J. Nh [h]","Nh celkom [h]","J. hmotnosť [t]","Hmotnosť celkom [t]","J. suť [t]","Suť Celkom [t]"]
[null,null,"Náklady z rozpočtu",{"$nulls":6},{"$f":"BK52","v":{"v":0,"d":"0.00"}},{"$nulls":5},{"$f":"P53+P81","v":{"v":0,"d":"0.00000"}},null,{"$f":"R53+R81","v":{"v":52.24641855,"d":"52.24642"}},null,{"$f":"T53+T81","v":6.98812},{"$nulls":25},"D","-1",{"$nulls":15},{"$f":"BK53+BK81","v":{"v":0,"d":"0.00"}}]
[{"$nulls":3},"D","HSV","Práce a dodávky HSV",{"$nulls":3},{"$f":"BK53","v":{"v":0,"d":"0.00"}},{"$nulls":5},{"$f":"P54+P64+P69+P73+P79","v":{"v":0,"d":"0.00000"}},null,{"$f":"R54+R64+R69+R73+R79","v":{"v":42.24306705,"d":"42.24307"}},null,{"$f":"T54+T64+T69+T73+T79","v":{"v":5.64,"d":"5.64000"}},{"$nulls":23},"1",null,"D","0",{"$nulls":3},"ROZPOCET",{"$nulls":11},{"$f":"BK54+BK64+BK69+BK73+BK79","v":{"v":0,"d":"0.00"}}]
[{"$nulls":3},"D","1","Zemné práce",{"$nulls":3},{"$f":"BK54","v":{"v":0,"d":"0.00"}},{"$nulls":5},{"$f":"SUM(P55:P63)","v":{"v":0,"d":"0.00000"}},null,{"$f":"SUM(R55:R63)","v":{"v":0,"d":"0.00000"}},null,{"$f":"SUM(T55:T63)","v":{"v":5.64,"d":"5.64000"}},{"$nulls":23},"1",null,"D","1",{"$nulls":3},"ROZPOCET",{"$nulls":11},{"$f":"SUM(BK55:BK63)","v":{"v":0,"d":"0.00"}}]
[null,null,"1","K","113106611","Rozoberanie zámkovej dlažby všetkých druhov v ploche do 20 m2,  -0,2600 t","m2",{"v":10,"d":"10.000"},null,{"$f":"ROUND(I55*H55,2)","v":{"v":0,"d":"0.00"}},null,null,"","znížená",null,{"$f":"O55*H55","v":{"v":0,"d":"0.00000"}},{"v":0,"d":"0.00000"},{"$f":"Q55*H55","v":{"v":0,"d":"0.00000"}},{"v":0.26,"d":"0.26000"},{"$f":"S55*H55","v":{"v":2.6,"d":"2.60000"}},{"$nulls":23},"4",null,"K","2",{"$nulls":3},"ROZPOCET",{"$nulls":5},{"$f":"IF(N55=\"základná\",J55,0)","v":{"v":0,"d":"0.00"}},{"$f":"IF(N55=\"znížená\",J55,0)","v":{"v":0,"d":"0.00"}},{"$f":"IF(N55=\"zákl. prenesená\",J55,0)","v":{"v":0,"d":"0.00"}},{"$f":"IF(N55=\"zníž. prenesená\",J55,0)","v":{"v":0,"d":"0.00"}},{"$f":"IF(N55=\"nulová\",J55,0)","v":{"v":0,"d":"0.00"}},"2",{"$f":"ROUND(I55*H55,2)","v":{"v":0,"d":"0.00"}},"4","-856430936"]
[null,null,"2","K","113107112","Odstránenie krytu v ploche do 200 m2 z kameniva ťaženého, hr.100 do 200 mm,  -0,24000t","m2",{"v":10,"d":"10.000"},null,{"v":0,"d":"0.00"},null,null,"","znížená",null,{"v":0,"d":"0.00000"},{"v":0,"d":"0.00000"},{"v":0,"d":"0.00000"},{"v":0.24,"d":"0.24000"},{"v":2.4,"d":"2.40000"},{"$nulls":23},"4",null,"K","2",{"$nulls":3},"ROZPOCET",{"$nulls":5},{"v":0,"d":"0.00"},{"v":0,"d":"0.00"},{"v":0,"d":"0.00"},{"v":0,"d":"0.00"},{"v":0,"d":"0.00"},"2",{"v":0,"d":"0.00"},"4","869165274"]
[null,null,"3","K","113208111","Vytrhanie obrúb betonových, s vybúraním lôžka, záhonových,  -0,04000t","m",{"v":16,"d":"16.000"},null,{"v":0,"d":"0.00"},null,null,"","znížená",null,{"v":0,"d":"0.00000"},{"v":0,"d":"0.00000"},{"v":0,"d":"0.00000"},{"v":0.04,"d":"0.04000"},{"v":0.64,"d":"0.64000"},{"$nulls":23},"4",null,"K","2",{"$nulls":3},"ROZPOCET",{"$nulls":5},{"v":0,"d":"0.00"},{"v":0,"d":"0.00"},{"v":0,"d":"0.00"},{"v":0,"d":"0.00"},{"v":0,"d":"0.00"},"2",{"v":0,"d":"0.00"},"4","1232765068"]
[null,null,"4","K","133211101","Hĺbenie šachiet v  hornine tr. 3 súdržných - ručným náradím plocha výkopu do 4 m2","m3",{"v":10.37,"d":"10.370"},null,{"v":0,"d":"0.00"},null,null,"","znížená",null,{"v":0,"d":"0.00000"},{"v":0,"d":"0.00000"},{"v":0,"d":"0.00000"},{"v":0,"d":"0.00000"},{"v":0,"d":"0.00000"},{"$nulls":23},"4",null,"K","2",{"$nulls":3},"ROZPOCET",{"$nulls":5},{"v":0,"d":"0.00"},{"v":0,"d":"0.00"},{"v":0,"d":"0.00"},{"v":0,"d":"0.00"},{"v":0,"d":"0.00"},"2",{"v":0,"d":"0.00"},"4","1640554472"]
[null,null,"5","K","162201211","Vodorovné premiestnenie výkopku horniny tr. 1 až 4 stavebným fúrikom do 10 m v rovine alebo vo svahu do 1:5","m3",{"v":10.37,"d":"10.370"},null,{"v":0,"d":"0.00"},null,null,"","znížená",null,{"v":0,"d":"0.00000"},{"v":0,"d":"0.00000"},{"v":0,"d":"0.00000"},{"v":0,"d":"0.00000"},{"v":0,"d":"0.00000"},{"$nulls":23},"4",null,"K","2",{"$nulls":3},"ROZPOCET",{"$nulls":5},{"v":0,"d":"0.00"},{"v":0,"d":"0.00"},{"v":0,"d":"0.00"},{"v":0,"d":"0.00"},{"v":0,"d":"0.00"},"2",{"v":0,"d":"0.00"},"4","-1729498989"]
[null,null,"6","K","162401102","Vodorovné premiestnenie výkopku   horniny tr.1-4  v množstve do 100 m3 na vzdialenosť do 2000 m","m3",{"v":10.37,"d":"10.370"},null,{"v":0,"d":"0.00"},null,null,"","znížená",null,{"v":0,"d":"0.00000"},{"v":0,"d":"0.00000"},{"v":0,"d":"0.00000"},{"v":0,"d":"0.00000"},{"v":0,"d":"0.00000"},{"$nulls":23},"4",null,"K","2",{"$nulls":3},"ROZPOCET",{"$nulls":5},{"v":0,"d":"0.00"},{"v":0,"d":"0.00"},{"v":0,"d":"0.00"},{"v":0,"d":"0.00"},{"v":0,"d":"0.00"},"2",{"v":0,"d":"0.00"},"4","-721907051"]
[null,null,"7","K","167101100","Nakladanie výkopku tr.1-4 ručne","m3",{"v":10.37,"d":"10.370"},null,{"v":0,"d":"0.00"},null,null,"","znížená",null,{"v":0,"d":"0.00000"},{"v":0,"d":"0.00000"},{"v":0,"d":"0.00000"},{"v":0,"d":"0.00000"},{"v":0,"d":"0.00000"},{"$nulls":23},"4",null,"K","2",{"$nulls":3},"ROZPOCET",{"$nulls":5},{"v":0,"d":"0.00"},{"v":0,"d":"0.00"},{"v":0,"d":"0.00"},{"v":0,"d":"0.00"},{"v":0,"d":"0.00"},"2",{"v":0,"d":"0.00"},"4","1971801627"]
[null,null,"8","K","171201201","Uloženie sypaniny na skládky do 100 m3","m3",{"v":10.37,"d":"10.370"},null,{"v":0,"d":"0.00"},null,null,"","znížená",null,{"v":0,"d":"0.00000"},{"v":0,"d":"0.00000"},{"v":0,"d":"0.00000"},{"v":0,"d":"0.00000"},{"v":0,"d":"0.00000"},{"$nulls":23},"4",null,"K","2",{"$nulls":3},"ROZPOCET",{"$nulls":5},{"v":0,"d":"0.00"},{"v":0,"d":"0.00"},{"v":0,"d":"0.00"},{"v":0,"d":"0.00"},{"v":0,"d":"0.00"},"2",{"v":0,"d":"0.00"},"4","-1908134902"]
[null,null,"9","K","181101102","Úprava pláne v zárezoch v hornine 1-4 so zhutnením","m2",{"v":9,"d":"9.000"},null,{"v":0,"d":"0.00"},null,null,"","znížená",null,{"v":0,"d":"0.00000"},{"v":0,"d":"0.00000"},{"v":0,"d":"0.00000"},{"v":0,"d":"0.00000"},{"v":0,"d":"0.00000"},{"$nulls":23},"4",null,"K","2",{"$nulls":3},"ROZPOCET",{"$nulls":5},{"v":0,"d":"0.00"},{"v":0,"d":"0.00"},{"v":0,"d":"0.00"},{"v":0,"d":"0.00"},{"v":0,"d":"0.00"},"2",{"v":0,"d":"0.00"},"4","-400273516"]
[{"$nulls":3},"D","2","Zakladanie",{"$nulls":3},{"$f":"BK64","v":{"v":0,"d":"0.00"}},{"$nulls":5},{"$f":"SUM(P65:P68)","v":{"v":0,"d":"0.00000"}},null,{"$f":"SUM(R65:R68)","v":{"v":33.28137505,"d":"33.28138"}},null,{"$f":"SUM(T65:T68)","v":{"v":0,"d":"0.00000"}},{"$nulls":23},"1",null,"D","1",{"$nulls":3},"ROZPOCET",{"$nulls":11},{"$f":"SUM(BK65:BK68)","v":{"v":0,"d":"0.00"}}]
[null,null,"10","K","271571111","Vankúše zhutnené pod základy zo štrkopiesku","m3",4.645,null,{"$f":"ROUND(I65*H65,2)","v":{"v":0,"d":"0.00"}},null,null,"","znížená",null,{"$f":"O65*H65","v":{"v":0,"d":"0.00000"}},1.93971,{"$f":"Q65*H65","v":{"v":9.009952949999999,"d":"9.00995"}},{"v":0,"d":"0.00000"},{"$f":"S65*H65","v":{"v":0,"d":"0.00000"}},{"$nulls":23},"4",null,"K","2",{"$nulls":3},"ROZPOCET",{"$nulls":5},{"$f":"IF(N65=\"základná\",J65,0)","v":{"v":0,"d":"0.00"}},{"$f":"IF(N65=\"znížená\",J65,0)","v":{"v":0,"d":"0.00"}},{"$f":"IF(N65=\"zákl. prenesená\",J65,0)","v":{"v":0,"d":"0.00"}},{"$f":"IF(N65=\"zníž. prenesená\",J65,0)","v":{"v":0,"d":"0.00"}},{"$f":"IF(N65=\"nulová\",J65,0)","v":{"v":0,"d":"0.00"}},"2",{"$f":"ROUND(I65*H65,2)","v":{"v":0,"d":"0.00"}},"4","1743409056"]
[null,null,"11","K","275314811","Betón pätiek, prostý vodostavebný C 25/30","m3",{"v":10.37,"d":"10.370"},null,{"$f":"ROUND(I66*H66,2)","v":{"v":0,"d":"0.00"}},null,null,"","znížená",null,{"$f":"O66*H66","v":{"v":0,"d":"0.00000"}},2.34017,{"$f":"Q66*H66","v":{"v":24.267562899999998,"d":"24.26756"}},{"v":0,"d":"0.00000"},{"$f":"S66*H66","v":{"v":0,"d":"0.00000"}},{"$nulls":23},"4",null,"K","2",{"$nulls":3},"ROZPOCET",{"$nulls":5},{"$f":"IF(N66=\"základná\",J66,0)","v":{"v":0,"d":"0.00"}},{"$f":"IF(N66=\"znížená\",J66,0)","v":{"v":0,"d":"0.00"}},{"$f":"IF(N66=\"zákl. prenesená\",J66,0)","v":{"v":0,"d":"0.00"}},{"$f":"IF(N66=\"zníž. prenesená\",J66,0)","v":{"v":0,"d":"0.00"}},{"$f":"IF(N66=\"nulová\",J66,0)","v":{"v":0,"d":"0.00"}},"2",{"$f":"ROUND(I66*H66,2)","v":{"v":0,"d":"0.00"}},"4","1615911858"]
[null,null,"12","K","275351215","Debnenie stien základových pätiek, zhotovenie-dielce","m2",{"v":5.76,"d":"5.760"},null,{"$f":"ROUND(I67*H67,2)","v":{"v":0,"d":"0.00"}},null,null,"","znížená",null,{"$f":"O67*H67","v":{"v":0,"d":"0.00000"}},0.00067,{"$f":"Q67*H67","v":{"v":0.0038592,"d":"0.00386"}},{"v":0,"d":"0.00000"},{"$f":"S67*H67","v":{"v":0,"d":"0.00000"}},{"$nulls":23},"4",null,"K","2",{"$nulls":3},"ROZPOCET",{"$nulls":5},{"$f":"IF(N67=\"základná\",J67,0)","v":{"v":0,"d":"0.00"}},{"$f":"IF(N67=\"znížená\",J67,0)","v":{"v":0,"d":"0.00"}},{"$f":"IF(N67=\"zákl. prenesená\",J67,0)","v":{"v":0,"d":"0.00"}},{"$f":"IF(N67=\"zníž. prenesená\",J67,0)","v":{"v":0,"d":"0.00"}},{"$f":"IF(N67=\"nulová\",J67,0)","v":{"v":0,"d":"0.00"}},"2",{"$f":"ROUND(I67*H67,2)","v":{"v":0,"d":"0.00"}},"4","1831385356"]
[null,null,"13","K","275351216","Debnenie stien základovýcb pätiek, odstránenie-dielce","m2",{"v":5.76,"d":"5.760"},null,{"$f":"ROUND(I68*H68,2)","v":{"v":0,"d":"0.00"}},null,null,"","znížená",null,{"$f":"O68*H68","v":{"v":0,"d":"0.00000"}},{"v":0,"d":"0.00000"},{"$f":"Q68*H68","v":{"v":0,"d":"0.00000"}},{"v":0,"d":"0.00000"},{"$f":"S68*H68","v":{"v":0,"d":"0.00000"}},{"$nulls":23},"4",null,"K","2",{"$nulls":3},"ROZPOCET",{"$nulls":5},{"$f":"IF(N68=\"základná\",J68,0)","v":{"v":0,"d":"0.00"}},{"$f":"IF(N68=\"znížená\",J68,0)","v":{"v":0,"d":"0.00"}},{"$f":"IF(N68=\"zákl. prenesená\",J68,0)","v":{"v":0,"d":"0.00"}},{"$f":"IF(N68=\"zníž. prenesená\",J68,0)","v":{"v":0,"d":"0.00"}},{"$f":"IF(N68=\"nulová\",J68,0)","v":{"v":0,"d":"0.00"}},"2",{"$f":"ROUND(I68*H68,2)","v":{"v":0,"d":"0.00"}},"4","1455731681"]
[{"$nulls":3},"D","5","Komunikácie",{"$nulls":3},{"$f":"BK69","v":{"v":0,"d":"0.00"}},{"$nulls":5},{"$f":"SUM(P70:P72)","v":{"v":0,"d":"0.00000"}},null,{"$f":"SUM(R70:R72)","v":{"v":5.4592600000000004,"d":"5.45926"}},null,{"$f":"SUM(T70:T72)","v":{"v":0,"d":"0.00000"}},{"$nulls":23},"1",null,"D","1",{"$nulls":3},"ROZPOCET",{"$nulls":11},{"$f":"SUM(BK70:BK72)","v":{"v":0,"d":"0.00"}}]
[null,null,"14","K","566902124","Vyspravenie a doplnenie podkladu po prekopoch inžinierskych sietí plochy do 15 m2 štrkodrvou, po zhutnení hr. 250 mm","m2",{"v":10,"d":"10.000"},null,{"$f":"ROUND(I70*H70,2)","v":{"v":0,"d":"0.00"}},null,null,"","znížená",null,{"$f":"O70*H70","v":{"v":0,"d":"0.00000"}},0.46166,{"$f":"Q70*H70","v":{"v":4.6166,"d":"4.61660"}},{"v":0,"d":"0.00000"},{"$f":"S70*H70","v":{"v":0,"d":"0.00000"}},{"$nulls":23},"4",null,"K","2",{"$nulls":3},"ROZPOCET",{"$nulls":5},{"$f":"IF(N70=\"základná\",J70,0)","v":{"v":0,"d":"0.00"}},{"$f":"IF(N70=\"znížená\",J70,0)","v":{"v":0,"d":"0.00"}},{"$f":"IF(N70=\"zákl. prenesená\",J70,0)","v":{"v":0,"d":"0.00"}},{"$f":"IF(N70=\"zníž. prenesená\",J70,0)","v":{"v":0,"d":"0.00"}},{"$f":"IF(N70=\"nulová\",J70,0)","v":{"v":0,"d":"0.00"}},"2",{"$f":"ROUND(I70*H70,2)","v":{"v":0,"d":"0.00"}},"4","-984274234"]
[null,null,"15","K","596211002","Položenie dlažby jestvujúcej po prekopoch, dlaždice betonové zámkové do lôžka z kameniva ťaženého","m2",{"v":10,"d":"10.000"},null,{"$f":"ROUND(I71*H71,2)","v":{"v":0,"d":"0.00"}},null,null,"","znížená",null,{"$f":"O71*H71","v":{"v":0,"d":"0.00000"}},0.08425,{"$f":"Q71*H71","v":{"v":0.8425,"d":"0.84250"}},{"v":0,"d":"0.00000"},{"$f":"S71*H71","v":{"v":0,"d":"0.00000"}},{"$nulls":23},"4",null,"K","2",{"$nulls":3},"ROZPOCET",{"$nulls":5},{"$f":"IF(N71=\"základná\",J71,0)","v":{"v":0,"d":"0.00"}},{"$f":"IF(N71=\"znížená\",J71,0)","v":{"v":0,"d":"0.00"}},{"$f":"IF(N71=\"zákl. prenesená\",J71,0)","v":{"v":0,"d":"0.00"}},{"$f":"IF(N71=\"zníž. prenesená\",J71,0)","v":{"v":0,"d":"0.00"}},{"$f":"IF(N71=\"nulová\",J71,0)","v":{"v":0,"d":"0.00"}},"2",{"$f":"ROUND(I71*H71,2)","v":{"v":0,"d":"0.00"}},"4","-1620112276"]
[null,null,"16","K","596911391","Dopiľovanie betónovej zámkovej dlažby hr. do 60 mm","m",{"v":16,"d":"16.000"},null,{"$f":"ROUND(I72*H72,2)","v":{"v":0,"d":"0.00"}},null,null,"","znížená",null,{"$f":"O72*H72","v":{"v":0,"d":"0.00000"}},{"v":1e-05,"d":"0.00001"},{"$f":"Q72*H72","v":0.00016},{"v":0,"d":"0.00000"},{"$f":"S72*H72","v":{"v":0,"d":"0.00000"}},{"$nulls":23},"4",null,"K","2",{"$nulls":3},"ROZPOCET",{"$nulls":5},{"$f":"IF(N72=\"základná\",J72,0)","v":{"v":0,"d":"0.00"}},{"$f":"IF(N72=\"znížená\",J72,0)","v":{"v":0,"d":"0.00"}},{"$f":"IF(N72=\"zákl. prenesená\",J72,0)","v":{"v":0,"d":"0.00"}},{"$f":"IF(N72=\"zníž. prenesená\",J72,0)","v":{"v":0,"d":"0.00"}},{"$f":"IF(N72=\"nulová\",J72,0)","v":{"v":0,"d":"0.00"}},"2",{"$f":"ROUND(I72*H72,2)","v":{"v":0,"d":"0.00"}},"4","757451876"]
[{"$nulls":3},"D","9","Ostatné konštrukcie a práce-búranie",{"$nulls":3},{"$f":"BK73","v":{"v":0,"d":"0.00"}},{"$nulls":5},{"$f":"SUM(P74:P78)","v":{"v":0,"d":"0.00000"}},null,{"$f":"SUM(R74:R78)","v":{"v":3.5024319999999998,"d":"3.50243"}},null,{"$f":"SUM(T74:T78)","v":{"v":0,"d":"0.00000"}},{"$nulls":23},"1",null,"D","1",{"$nulls":3},"ROZPOCET",{"$nulls":11},{"$f":"SUM(BK74:BK78)","v":{"v":0,"d":"0.00"}}]
[null,null,"17","K","916561112","Osadenie záhonového alebo parkového obrubníka betón., do lôžka z bet. pros. tr. C 16/20 s bočnou oporou","m",{"v":16,"d":"16.000"},null,{"$f":"ROUND(I74*H74,2)","v":{"v":0,"d":"0.00"}},null,null,"","znížená",null,{"$f":"O74*H74","v":{"v":0,"d":"0.00000"}},0.09853,{"$f":"Q74*H74","v":1.57648},{"v":0,"d":"0.00000"},{"$f":"S74*H74","v":{"v":0,"d":"0.00000"}},{"$nulls":23},"4",null,"K","2",{"$nulls":3},"ROZPOCET",{"$nulls":5},{"$f":"IF(N74=\"základná\",J74,0)","v":{"v":0,"d":"0.00"}},{"$f":"IF(N74=\"znížená\",J74,0)","v":{"v":0,"d":"0.00"}},{"$f":"IF(N74=\"zákl. prenesená\",J74,0)","v":{"v":0,"d":"0.00"}},{"$f":"IF(N74=\"zníž. prenesená\",J74,0)","v":{"v":0,"d":"0.00"}},{"$f":"IF(N74=\"nulová\",J74,0)","v":{"v":0,"d":"0.00"}},"2",{"$f":"ROUND(I74*H74,2)","v":{"v":0,"d":"0.00"}},"4","-496492449"]
[null,null,"18","M","592170001800","Obrubník parkový, lxšxv 1000x50x200 mm, sivá","ks",{"v":17,"d":"17.000"},null,{"$f":"ROUND(I75*H75,2)","v":{"v":0,"d":"0.00"}},null,null,"","znížená",null,{"$f":"O75*H75","v":{"v":0,"d":"0.00000"}},{"v":0.023,"d":"0.02300"},{"$f":"Q75*H75","v":{"v":0.391,"d":"0.39100"}},{"v":0,"d":"0.00000"},{"$f":"S75*H75","v":{"v":0,"d":"0.00000"}},{"$nulls":23},"8",null,"M","2",{"$nulls":3},"ROZPOCET",{"$nulls":5},{"$f":"IF(N75=\"základná\",J75,0)","v":{"v":0,"d":"0.00"}},{"$f":"IF(N75=\"znížená\",J75,0)","v":{"v":0,"d":"0.00"}},{"$f":"IF(N75=\"zákl. prenesená\",J75,0)","v":{"v":0,"d":"0.00"}},{"$f":"IF(N75=\"zníž. prenesená\",J75,0)","v":{"v":0,"d":"0.00"}},{"$f":"IF(N75=\"nulová\",J75,0)","v":{"v":0,"d":"0.00"}},"2",{"$f":"ROUND(I75*H75,2)","v":{"v":0,"d":"0.00"}},"4","-1653665388"]
[null,null,"19","K","918101112","Lôžko pod obrubníky, krajníky alebo obruby z dlažobných kociek z betónu prostého tr. C 16/20","m3",{"v":0.4,"d":"0.400"},null,{"$f":"ROUND(I76*H76,2)","v":{"v":0,"d":"0.00"}},null,null,"","znížená",null,{"$f":"O76*H76","v":{"v":0,"d":"0.00000"}},2.21513,{"$f":"Q76*H76","v":{"v":0.886052,"d":"0.88605"}},{"v":0,"d":"0.00000"},{"$f":"S76*H76","v":{"v":0,"d":"0.00000"}},{"$nulls":23},"4",null,"K","2",{"$nulls":3},"ROZPOCET",{"$nulls":5},{"$f":"IF(N76=\"základná\",J76,0)","v":{"v":0,"d":"0.00"}},{"$f":"IF(N76=\"znížená\",J76,0)","v":{"v":0,"d":"0.00"}},{"$f":"IF(N76=\"zákl. prenesená\",J76,0)","v":{"v":0,"d":"0.00"}},{"$f":"IF(N76=\"zníž. prenesená\",J76,0)","v":{"v":0,"d":"0.00"}},{"$f":"IF(N76=\"nulová\",J76,0)","v":{"v":0,"d":"0.00"}},"2",{"$f":"ROUND(I76*H76,2)","v":{"v":0,"d":"0.00"}},"4","1585933477"]
[null,null,"20","K","941955003","Lešenie ľahké pracovné pomocné s výškou lešeňovej podlahy nad 1,90 do 2,50 m","m2",{"v":105,"d":"105.000"},null,{"$f":"ROUND(I77*H77,2)","v":{"v":0,"d":"0.00"}},null,null,"","znížená",null,{"$f":"O77*H77","v":{"v":0,"d":"0.00000"}},0.00618,{"$f":"Q77*H77","v":{"v":0.6488999999999999,"d":"0.64890"}},{"v":0,"d":"0.00000"},{"$f":"S77*H77","v":{"v":0,"d":"0.00000"}},{"$nulls":23},"4",null,"K","2",{"$nulls":3},"ROZPOCET",{"$nulls":5},{"$f":"IF(N77=\"základná\",J77,0)","v":{"v":0,"d":"0.00"}},{"$f":"IF(N77=\"znížená\",J77,0)","v":{"v":0,"d":"0.00"}},{"$f":"IF(N77=\"zákl. prenesená\",J77,0)","v":{"v":0,"d":"0.00"}},{"$f":"IF(N77=\"zníž. prenesená\",J77,0)","v":{"v":0,"d":"0.00"}},{"$f":"IF(N77=\"nulová\",J77,0)","v":{"v":0,"d":"0.00"}},"2",{"$f":"ROUND(I77*H77,2)","v":{"v":0,"d":"0.00"}},"4","1448500667"]
[null,null,"21","K","979071121","Očistenie vybúraných dlažbových kociek drobných, s pôvodným vyplnením škár kamenivom ťaženým","m2",{"v":10,"d":"10.000"},null,{"$f":"ROUND(I78*H78,2)","v":{"v":0,"d":"0.00"}},null,null,"","znížená",null,{"$f":"O78*H78","v":{"v":0,"d":"0.00000"}},{"v":0,"d":"0.00000"},{"$f":"Q78*H78","v":{"v":0,"d":"0.00000"}},{"v":0,"d":"0.00000"},{"$f":"S78*H78","v":{"v":0,"d":"0.00000"}},{"$nulls":23},"4",null,"K","2",{"$nulls":3},"ROZPOCET",{"$nulls":5},{"$f":"IF(N78=\"základná\",J78,0)","v":{"v":0,"d":"0.00"}},{"$f":"IF(N78=\"znížená\",J78,0)","v":{"v":0,"d":"0.00"}},{"$f":"IF(N78=\"zákl. prenesená\",J78,0)","v":{"v":0,"d":"0.00"}},{"$f":"IF(N78=\"zníž. prenesená\",J78,0)","v":{"v":0,"d":"0.00"}},{"$f":"IF(N78=\"nulová\",J78,0)","v":{"v":0,"d":"0.00"}},"2",{"$f":"ROUND(I78*H78,2)","v":{"v":0,"d":"0.00"}},"4","-2068502654"]
[{"$nulls":3},"D","99","Presun hmôt HSV",{"$nulls":3},{"$f":"BK79","v":{"v":0,"d":"0.00"}},{"$nulls":5},{"$f":"P80","v":{"v":0,"d":"0.00000"}},null,{"$f":"R80","v":{"v":0,"d":"0.00000"}},null,{"$f":"T80","v":{"v":0,"d":"0.00000"}},{"$nulls":23},"1",null,"D","1",{"$nulls":3},"ROZPOCET",{"$nulls":11},{"$f":"BK80","v":{"v":0,"d":"0.00"}}]
[null,null,"22","K","998151111","Presun hmôt pre obj.8152, 8153,8159,zvislá nosná konštr.z tehál,tvárnic,blokov výšky do 10 m","t",42.243,null,{"$f":"ROUND(I80*H80,2)","v":{"v":0,"d":"0.00"}},null,null,"","znížená",null,{"$f":"O80*H80","v":{"v":0,"d":"0.00000"}},{"v":0,"d":"0.00000"},{"$f":"Q80*H80","v":{"v":0,"d":"0.00000"}},{"v":0,"d":"0.00000"},{"$f":"S80*H80","v":{"v":0,"d":"0.00000"}},{"$nulls":23},"4",null,"K","2",{"$nulls":3},"ROZPOCET",{"$nulls":5},{"$f":"IF(N80=\"základná\",J80,0)","v":{"v":0,"d":"0.00"}},{"$f":"IF(N80=\"znížená\",J80,0)","v":{"v":0,"d":"0.00"}},{"$f":"IF(N80=\"zákl. prenesená\",J80,0)","v":{"v":0,"d":"0.00"}},{"$f":"IF(N80=\"zníž. prenesená\",J80,0)","v":{"v":0,"d":"0.00"}},{"$f":"IF(N80=\"nulová\",J80,0)","v":{"v":0,"d":"0.00"}},"2",{"$f":"ROUND(I80*H80,2)","v":{"v":0,"d":"0.00"}},"4","-1283148610"]
[{"$nulls":3},"D","PSV","Práce a dodávky PSV",{"$nulls":3},{"$f":"BK81","v":{"v":0,"d":"0.00"}},{"$nulls":5},{"$f":"P82+P84+P100+P104+P119+P123+P127","v":{"v":0,"d":"0.00000"}},null,{"$f":"R82+R84+R100+R104+R119+R123+R127","v":{"v":10.003351499999999,"d":"10.00335"}},null,{"$f":"T82+T84+T100+T104+T119+T123+T127","v":{"v":1.3481200000000002,"d":"1.34812"}},{"$nulls":23},"2",null,"D","0",{"$nulls":3},"ROZPOCET",{"$nulls":11},{"$f":"BK82+BK84+BK100+BK104+BK119+BK123+BK127","v":{"v":0,"d":"0.00"}}]
[{"$nulls":3},"D","721","Zdravotechnika - vnútorná kanalizácia",{"$nulls":3},{"$f":"BK82","v":{"v":0,"d":"0.00"}},{"$nulls":5},{"$f":"P83","v":{"v":0,"d":"0.00000"}},null,{"$f":"R83","v":0.00228},null,{"$f":"T83","v":{"v":0,"d":"0.00000"}},{"$nulls":23},"2",null,"D","1",{"$nulls":3},"ROZPOCET",{"$nulls":11},{"$f":"BK83","v":{"v":0,"d":"0.00"}}]
[null,null,"23","K","72124212R","Lapač strešných splavenín plastový univerzálny priamy s napojením","ks",{"v":2,"d":"2.000"},null,{"$f":"ROUND(I83*H83,2)","v":{"v":0,"d":"0.00"}},null,null,"","znížená",null,{"$f":"O83*H83","v":{"v":0,"d":"0.00000"}},{"v":1.14E-3,"d":"0.00114"},{"$f":"Q83*H83","v":0.00228},{"v":0,"d":"0.00000"},{"$f":"S83*H83","v":{"v":0,"d":"0.00000"}},{"$nulls":23},"16",null,"K","2",{"$nulls":3},"ROZPOCET",{"$nulls":5},{"$f":"IF(N83=\"základná\",J83,0)","v":{"v":0,"d":"0.00"}},{"$f":"IF(N83=\"znížená\",J83,0)","v":{"v":0,"d":"0.00"}},{"$f":"IF(N83=\"zákl. prenesená\",J83,0)","v":{"v":0,"d":"0.00"}},{"$f":"IF(N83=\"zníž. prenesená\",J83,0)","v":{"v":0,"d":"0.00"}},{"$f":"IF(N83=\"nulová\",J83,0)","v":{"v":0,"d":"0.00"}},"2",{"$f":"ROUND(I83*H83,2)","v":{"v":0,"d":"0.00"}},"16","-1242291745"]
[{"$nulls":3},"D","762","Konštrukcie tesárske",{"$nulls":3},{"$f":"BK84","v":{"v":0,"d":"0.00"}},{"$nulls":5},{"$f":"SUM(P85:P99)","v":{"v":0,"d":"0.00000"}},null,{"$f":"SUM(R85:R99)","v":{"v":7.216189,"d":"7.21619"}},null,{"$f":"SUM(T85:T99)","v":{"v":0.744,"d":"0.74400"}},{"$nulls":23},"2",null,"D","1",{"$nulls":3},"ROZPOCET",{"$nulls":11},{"$f":"SUM(BK85:BK99)","v":{"v":0,"d":"0.00"}}]
[null,null,"24","K","76231110R","Montáž a dodávka kotevných želiez, pätiek, s pripojením k drevenej konštrukcii a kotvením, krížová pätka pozinkovaná","ks",{"v":6,"d":"6.000"},null,{"$f":"ROUND(I85*H85,2)","v":{"v":0,"d":"0.00"}},null,null,"","znížená",null,{"$f":"O85*H85","v":{"v":0,"d":"0.00000"}},0.00021,{"$f":"Q85*H85","v":0.00126},{"v":0,"d":"0.00000"},{"$f":"S85*H85","v":{"v":0,"d":"0.00000"}},{"$nulls":23},"16",null,"K","2",{"$nulls":3},"ROZPOCET",{"$nulls":5},{"$f":"IF(N85=\"základná\",J85,0)","v":{"v":0,"d":"0.00"}},{"$f":"IF(N85=\"znížená\",J85,0)","v":{"v":0,"d":"0.00"}},{"$f":"IF(N85=\"zákl. prenesená\",J85,0)","v":{"v":0,"d":"0.00"}},{"$f":"IF(N85=\"zníž. prenesená\",J85,0)","v":{"v":0,"d":"0.00"}},{"$f":"IF(N85=\"nulová\",J85,0)","v":{"v":0,"d":"0.00"}},"2",{"$f":"ROUND(I85*H85,2)","v":{"v":0,"d":"0.00"}},"16","-1047293718"]
[null,null,"25","K","762332110","Montáž viazaných konštrukcií krovov striech z reziva priemernej plochy do 120 cm2","m",{"v":100,"d":"100.000"},null,{"v":0,"d":"0.00"},null,null,"","znížená",null,{"v":0,"d":"0.00000"},0.00026,{"v":0.026,"d":"0.02600"},{"v":0,"d":"0.00000"},{"v":0,"d":"0.00000"},{"$nulls":23},"16",null,"K","2",{"$nulls":3},"ROZPOCET",{"$nulls":5},{"v":0,"d":"0.00"},{"v":0,"d":"0.00"},{"v":0,"d":"0.00"},{"v":0,"d":"0.00"},{"v":0,"d":"0.00"},"2",{"v":0,"d":"0.00"},"16","-2117276383"]
[null,null,"26","K","762332120","Montáž viazaných konštrukcií krovov striech z reziva priemernej plochy 120-224 cm2","m",{"v":57,"d":"57.000"},null,{"v":0,"d":"0.00"},null,null,"","znížená",null,{"v":0,"d":"0.00000"},0.00026,{"v":0.014819999999999998,"d":"0.01482"},{"v":0,"d":"0.00000"},{"v":0,"d":"0.00000"},{"$nulls":23},"16",null,"K","2",{"$nulls":3},"ROZPOCET",{"$nulls":5},{"v":0,"d":"0.00"},{"v":0,"d":"0.00"},{"v":0,"d":"0.00"},{"v":0,"d":"0.00"},{"v":0,"d":"0.00"},"2",{"v":0,"d":"0.00"},"16","-1261269756"]
[null,null,"27","K","762332140","Montáž viazaných konštrukcií krovov striech z reziva priemernej plochy 288-450 cm2","m",{"v":9.5,"d":"9.500"},null,{"v":0,"d":"0.00"},null,null,"","znížená",null,{"v":0,"d":"0.00000"},0.00026,{"v":2.47E-3,"d":"0.00247"},{"v":0,"d":"0.00000"},{"v":0,"d":"0.00000"},{"$nulls":23},"16",null,"K","2",{"$nulls":3},"ROZPOCET",{"$nulls":5},{"v":0,"d":"0.00"},{"v":0,"d":"0.00"},{"v":0,"d":"0.00"},{"v":0,"d":"0.00"},{"v":0,"d":"0.00"},"2",{"v":0,"d":"0.00"},"16","1298090639"]
[null,null,"28","K","762332141","Montáž viazaných konštrukcií krovov striech z reziva priemernej plochy nad 450 cm2","m",{"v":40,"d":"40.000"},null,{"v":0,"d":"0.00"},null,null,"","znížená",null,{"v":0,"d":"0.00000"},0.00026,{"v":0.0104,"d":"0.01040"},{"v":0,"d":"0.00000"},{"v":0,"d":"0.00000"},{"$nulls":23},"16",null,"K","2",{"$nulls":3},"ROZPOCET",{"$nulls":5},{"v":0,"d":"0.00"},{"v":0,"d":"0.00"},{"v":0,"d":"0.00"},{"v":0,"d":"0.00"},{"v":0,"d":"0.00"},"2",{"v":0,"d":"0.00"},"16","401364599"]
[null,null,"29","K","762341004","Montáž debnenia jednoduchých striech, na krokvy a kontralaty z dosiek na zraz","m2",{"v":214,"d":"214.000"},null,{"v":0,"d":"0.00"},null,null,"","znížená",null,{"v":0,"d":"0.00000"},{"v":0,"d":"0.00000"},{"v":0,"d":"0.00000"},{"v":0,"d":"0.00000"},{"v":0,"d":"0.00000"},{"$nulls":23},"16",null,"K","2",{"$nulls":3},"ROZPOCET",{"$nulls":5},{"v":0,"d":"0.00"},{"v":0,"d":"0.00"},{"v":0,"d":"0.00"},{"v":0,"d":"0.00"},{"v":0,"d":"0.00"},"2",{"v":0,"d":"0.00"},"16","-1909320171"]
[null,null,"30","K","762341201","Montáž latovania jednoduchých striech pre sklon do 60°","m",{"v":564,"d":"564.000"},null,{"v":0,"d":"0.00"},null,null,"","znížená",null,{"v":0,"d":"0.00000"},{"v":0,"d":"0.00000"},{"v":0,"d":"0.00000"},{"v":0,"d":"0.00000"},{"v":0,"d":"0.00000"},{"$nulls":23},"16",null,"K","2",{"$nulls":3},"ROZPOCET",{"$nulls":5},{"v":0,"d":"0.00"},{"v":0,"d":"0.00"},{"v":0,"d":"0.00"},{"v":0,"d":"0.00"},{"v":0,"d":"0.00"},"2",{"v":0,"d":"0.00"},"16","262245274"]
[null,null,"31","K","762341251","Montáž kontralát pre sklon do 22°","m",{"v":224,"d":"224.000"},null,{"v":0,"d":"0.00"},null,null,"","znížená",null,{"v":0,"d":"0.00000"},{"v":0,"d":"0.00000"},{"v":0,"d":"0.00000"},{"v":0,"d":"0.00000"},{"v":0,"d":"0.00000"},{"$nulls":23},"16",null,"K","2",{"$nulls":3},"ROZPOCET",{"$nulls":5},{"v":0,"d":"0.00"},{"v":0,"d":"0.00"},{"v":0,"d":"0.00"},{"v":0,"d":"0.00"},{"v":0,"d":"0.00"},"2",{"v":0,"d":"0.00"},"16","-2019783394"]
[null,null,"32","K","762342811","Demontáž latovania striech so sklonom do 60 st., pri osovej vzdialenosti lát do 0, 22 m,  -0.00700t","m2",{"v":62,"d":"62.000"},null,{"v":0,"d":"0.00"},null,null,"","znížená",null,{"v":0,"d":"0.00000"},{"v":0,"d":"0.00000"},{"v":0,"d":"0.00000"},{"v":0.007,"d":"0.00700"},{"v":0.434,"d":"0.43400"},{"$nulls":23},"16",null,"K","2",{"$nulls":3},"ROZPOCET",{"$nulls":5},{"v":0,"d":"0.00"},{"v":0,"d":"0.00"},{"v":0,"d":"0.00"},{"v":0,"d":"0.00"},{"v":0,"d":"0.00"},"2",{"v":0,"d":"0.00"},"16","382341196"]
[null,null,"33","K","762342812","Demontáž kontralatovania striech so sklonom do 60 st., pri osovej vzdialenosti lát 0,5-0,90 m,  -0.00500t","m2",{"v":62,"d":"62.000"},null,{"v":0,"d":"0.00"},null,null,"","znížená",null,{"v":0,"d":"0.00000"},{"v":0,"d":"0.00000"},{"v":0,"d":"0.00000"},{"v":0.005,"d":"0.00500"},{"v":0.31,"d":"0.31000"},{"$nulls":23},"16",null,"K","2",{"$nulls":3},"ROZPOCET",{"$nulls":5},{"v":0,"d":"0.00"},{"v":0,"d":"0.00"},{"v":0,"d":"0.00"},{"v":0,"d":"0.00"},{"v":0,"d":"0.00"},"2",{"v":0,"d":"0.00"},"16","-398623447"]
[null,null,"34","K","762395000","Spojovacie prostriedky pre viazané konštrukcie krovov, debnenie a laťovanie, nadstrešné konštr., spádové kliny - svorníky, svorky, dosky, klince, pásová oceľ, vruty","m3",{"v":13.69,"d":"13.690"},null,{"v":0,"d":"0.00"},null,null,"","znížená",null,{"v":0,"d":"0.00000"},{"v":0.0231,"d":"0.02310"},{"v":0.316239,"d":"0.31624"},{"v":0,"d":"0.00000"},{"v":0,"d":"0.00000"},{"$nulls":23},"16",null,"K","2",{"$nulls":3},"ROZPOCET",{"$nulls":5},{"v":0,"d":"0.00"},{"v":0,"d":"0.00"},{"v":0,"d":"0.00"},{"v":0,"d":"0.00"},{"v":0,"d":"0.00"},"2",{"v":0,"d":"0.00"},"16","-338052961"]
[null,null,"35","M","60542000030R","Rezivo stavebné zo smreku - hranené, hobľované, impregnované, +stratné 7%","m3",7.854,null,{"v":0,"d":"0.00"},null,null,"","znížená",null,{"v":0,"d":"0.00000"},{"v":0.5,"d":"0.50000"},{"v":3.927,"d":"3.92700"},{"v":0,"d":"0.00000"},{"v":0,"d":"0.00000"},{"$nulls":23},"32",null,"M","2",{"$nulls":3},"ROZPOCET",{"$nulls":5},{"v":0,"d":"0.00"},{"v":0,"d":"0.00"},{"v":0,"d":"0.00"},{"v":0,"d":"0.00"},{"v":0,"d":"0.00"},"2",{"v":0,"d":"0.00"},"16","-1944126831"]
[null,null,"36","M","605420000350","Rezivo stavebné zo smreku - hranené, impregnované, +stratné 7%","m3",5.836,null,{"v":0,"d":"0.00"},null,null,"","znížená",null,{"v":0,"d":"0.00000"},{"v":0.5,"d":"0.50000"},{"v":2.918,"d":"2.91800"},{"v":0,"d":"0.00000"},{"v":0,"d":"0.00000"},{"$nulls":23},"32",null,"M","2",{"$nulls":3},"ROZPOCET",{"$nulls":5},{"v":0,"d":"0.00"},{"v":0,"d":"0.00"},{"v":0,"d":"0.00"},{"v":0,"d":"0.00"},{"v":0,"d":"0.00"},"2",{"v":0,"d":"0.00"},"16","-1349477217"]
[null,null,"37","K","76252191R","Vyrezanie a spätné doplnenie časti podlahy a vankúšov, z dosiek hr. do 50 mm  s príslušenstvom","m2",{"v":32,"d":"32.000"},null,{"v":0,"d":"0.00"},null,null,"","znížená",null,{"v":0,"d":"0.00000"},{"v":0,"d":"0.00000"},{"v":0,"d":"0.00000"},{"v":0,"d":"0.00000"},{"v":0,"d":"0.00000"},{"$nulls":23},"16",null,"K","2",{"$nulls":3},"ROZPOCET",{"$nulls":5},{"v":0,"d":"0.00"},{"v":0,"d":"0.00"},{"v":0,"d":"0.00"},{"v":0,"d":"0.00"},{"v":0,"d":"0.00"},"2",{"v":0,"d":"0.00"},"16","2682827"]
[null,null,"38","K","998762202","Presun hmôt pre konštrukcie tesárske v objektoch výšky do 12 m","%",null,null,{"v":0,"d":"0.00"},null,null,"","znížená",null,{"v":0,"d":"0.00000"},{"v":0,"d":"0.00000"},{"v":0,"d":"0.00000"},{"v":0,"d":"0.00000"},{"v":0,"d":"0.00000"},{"$nulls":23},"16",null,"K","2",{"$nulls":3},"ROZPOCET",{"$nulls":5},{"v":0,"d":"0.00"},{"v":0,"d":"0.00"},{"v":0,"d":"0.00"},{"v":0,"d":"0.00"},{"v":0,"d":"0.00"},"2",{"v":0,"d":"0.00"},"16","163386166"]
[{"$nulls":3},"D","763","Konštrukcie - drevostavby",{"$nulls":3},{"$f":"BK100","v":{"v":0,"d":"0.00"}},{"$nulls":5},{"$f":"SUM(P101:P103)","v":{"v":0,"d":"0.00000"}},null,{"$f":"SUM(R101:R103)","v":{"v":1.9799999999999998,"d":"1.98000"}},null,{"$f":"SUM(T101:T103)","v":{"v":0,"d":"0.00000"}},{"$nulls":23},"2",null,"D","1",{"$nulls":3},"ROZPOCET",{"$nulls":11},{"$f":"SUM(BK101:BK103)","v":{"v":0,"d":"0.00"}}]
[null,null,"39","K","763733002","Montáž priestorovo viazaných väzníkov na strechu","m2",{"v":110,"d":"110.000"},null,{"$f":"ROUND(I101*H101,2)","v":{"v":0,"d":"0.00"}},null,null,"","znížená",null,{"$f":"O101*H101","v":{"v":0,"d":"0.00000"}},{"v":0,"d":"0.00000"},{"$f":"Q101*H101","v":{"v":0,"d":"0.00000"}},{"v":0,"d":"0.00000"},{"$f":"S101*H101","v":{"v":0,"d":"0.00000"}},{"$nulls":23},"16",null,"K","2",{"$nulls":3},"ROZPOCET",{"$nulls":5},{"$f":"IF(N101=\"základná\",J101,0)","v":{"v":0,"d":"0.00"}},{"$f":"IF(N101=\"znížená\",J101,0)","v":{"v":0,"d":"0.00"}},{"$f":"IF(N101=\"zákl. prenesená\",J101,0)","v":{"v":0,"d":"0.00"}},{"$f":"IF(N101=\"zníž. prenesená\",J101,0)","v":{"v":0,"d":"0.00"}},{"$f":"IF(N101=\"nulová\",J101,0)","v":{"v":0,"d":"0.00"}},"2",{"$f":"ROUND(I101*H101,2)","v":{"v":0,"d":"0.00"}},"16","-1741093072"]
[null,null,"40","M","61222000070R","Väzník strešný drevený priehradový sedlový rozpätia 14,5m a výšky 2,886m, impregnovaný, hobľovaný, s príslušenstvom","m2",{"v":110,"d":"110.000"},null,{"$f":"ROUND(I102*H102,2)","v":{"v":0,"d":"0.00"}},null,null,"","znížená",null,{"$f":"O102*H102","v":{"v":0,"d":"0.00000"}},{"v":0.018,"d":"0.01800"},{"$f":"Q102*H102","v":{"v":1.9799999999999998,"d":"1.98000"}},{"v":0,"d":"0.00000"},{"$f":"S102*H102","v":{"v":0,"d":"0.00000"}},{"$nulls":23},"32",null,"M","2",{"$nulls":3},"ROZPOCET",{"$nulls":5},{"$f":"IF(N102=\"základná\",J102,0)","v":{"v":0,"d":"0.00"}},{"$f":"IF(N102=\"znížená\",J102,0)","v":{"v":0,"d":"0.00"}},{"$f":"IF(N102=\"zákl. prenesená\",J102,0)","v":{"v":0,"d":"0.00"}},{"$f":"IF(N102=\"zníž. prenesená\",J102,0)","v":{"v":0,"d":"0.00"}},{"$f":"IF(N102=\"nulová\",J102,0)","v":{"v":0,"d":"0.00"}},"2",{"$f":"ROUND(I102*H102,2)","v":{"v":0,"d":"0.00"}},"16","572795047"]
[null,null,"41","K","998763201","Presun hmôt pre drevostavby v objektoch výšky do 12 m","%",null,null,{"$f":"ROUND(I103*H103,2)","v":{"v":0,"d":"0.00"}},null,null,"","znížená",null,{"$f":"O103*H103","v":{"v":0,"d":"0.00000"}},{"v":0,"d":"0.00000"},{"$f":"Q103*H103","v":{"v":0,"d":"0.00000"}},{"v":0,"d":"0.00000"},{"$f":"S103*H103","v":{"v":0,"d":"0.00000"}},{"$nulls":23},"16",null,"K","2",{"$nulls":3},"ROZPOCET",{"$nulls":5},{"$f":"IF(N103=\"základná\",J103,0)","v":{"v":0,"d":"0.00"}},{"$f":"IF(N103=\"znížená\",J103,0)","v":{"v":0,"d":"0.00"}},{"$f":"IF(N103=\"zákl. prenesená\",J103,0)","v":{"v":0,"d":"0.00"}},{"$f":"IF(N103=\"zníž. prenesená\",J103,0)","v":{"v":0,"d":"0.00"}},{"$f":"IF(N103=\"nulová\",J103,0)","v":{"v":0,"d":"0.00"}},"2",{"$f":"ROUND(I103*H103,2)","v":{"v":0,"d":"0.00"}},"16","907207191"]
[{"$nulls":3},"D","764","Konštrukcie klampiarske",{"$nulls":3},{"$f":"BK104","v":{"v":0,"d":"0.00"}},{"$nulls":5},{"$f":"SUM(P105:P118)","v":{"v":0,"d":"0.00000"}},null,{"$f":"SUM(R105:R118)","v":{"v":0.6485,"d":"0.64850"}},null,{"$f":"SUM(T105:T118)","v":{"v":0.6041200000000001,"d":"0.60412"}},{"$nulls":23},"2",null,"D","1",{"$nulls":3},"ROZPOCET",{"$nulls":11},{"$f":"SUM(BK105:BK118)","v":{"v":0,"d":"0.00"}}]
[null,null,"42","K","764171266","Krytina - zachytávač snehu, sklon strechy do 30°","m",{"v":21,"d":"21.000"},null,{"$f":"ROUND(I105*H105,2)","v":{"v":0,"d":"0.00"}},null,null,"","znížená",null,{"$f":"O105*H105","v":{"v":0,"d":"0.00000"}},0.00025,{"$f":"Q105*H105","v":0.00525},{"v":0,"d":"0.00000"},{"$f":"S105*H105","v":{"v":0,"d":"0.00000"}},{"$nulls":23},"16",null,"K","2",{"$nulls":3},"ROZPOCET",{"$nulls":5},{"$f":"IF(N105=\"základná\",J105,0)","v":{"v":0,"d":"0.00"}},{"$f":"IF(N105=\"znížená\",J105,0)","v":{"v":0,"d":"0.00"}},{"$f":"IF(N105=\"zákl. prenesená\",J105,0)","v":{"v":0,"d":"0.00"}},{"$f":"IF(N105=\"zníž. prenesená\",J105,0)","v":{"v":0,"d":"0.00"}},{"$f":"IF(N105=\"nulová\",J105,0)","v":{"v":0,"d":"0.00"}},"2",{"$f":"ROUND(I105*H105,2)","v":{"v":0,"d":"0.00"}},"16","-187787531"]
[null,null,"43","K","764171800","Krytina z pozink. poplastovaného plechu, profilovaná sklon strechy do 30°, s príslušenstvom a oplechovaním - typ zjednotiť a prepojiť s jestvujúcou krytinou","m2",{"v":188,"d":"188.000"},null,{"v":0,"d":"0.00"},null,null,"","znížená",null,{"v":0,"d":"0.00000"},0.00219,{"v":0.41172000000000003,"d":"0.41172"},{"v":0,"d":"0.00000"},{"v":0,"d":"0.00000"},{"$nulls":23},"16",null,"K","2",{"$nulls":3},"ROZPOCET",{"$nulls":5},{"v":0,"d":"0.00"},{"v":0,"d":"0.00"},{"v":0,"d":"0.00"},{"v":0,"d":"0.00"},{"v":0,"d":"0.00"},"2",{"v":0,"d":"0.00"},"16","69660265"]
[null,null,"44","K","764171810","Krytina - záveterná lišta, sklon strechy do 30°","m",{"v":16,"d":"16.000"},null,{"v":0,"d":"0.00"},null,null,"","znížená",null,{"v":0,"d":"0.00000"},{"v":1.64E-3,"d":"0.00164"},0.02624,{"v":0,"d":"0.00000"},{"v":0,"d":"0.00000"},{"$nulls":23},"16",null,"K","2",{"$nulls":3},"ROZPOCET",{"$nulls":5},{"v":0,"d":"0.00"},{"v":0,"d":"0.00"},{"v":0,"d":"0.00"},{"v":0,"d":"0.00"},{"v":0,"d":"0.00"},"2",{"v":0,"d":"0.00"},"16","-302151823"]
[null,null,"45","K","764171833","Krytina - úžľabie, sklon strechy do 30°","m",{"v":42,"d":"42.000"},null,{"v":0,"d":"0.00"},null,null,"","znížená",null,{"v":0,"d":"0.00000"},0.00222,0.09324,{"v":0,"d":"0.00000"},{"v":0,"d":"0.00000"},{"$nulls":23},"16",null,"K","2",{"$nulls":3},"ROZPOCET",{"$nulls":5},{"v":0,"d":"0.00"},{"v":0,"d":"0.00"},{"v":0,"d":"0.00"},{"v":0,"d":"0.00"},{"v":0,"d":"0.00"},"2",{"v":0,"d":"0.00"},"16","-328396556"]
[null,null,"46","K","764171836","Krytina - hrebene z hrebenáčov s vetracím pásom, sklon strechy do 30°","m",{"v":15,"d":"15.000"},null,{"v":0,"d":"0.00"},null,null,"","znížená",null,{"v":0,"d":"0.00000"},{"v":3.5E-4,"d":"0.00035"},0.00525,{"v":0,"d":"0.00000"},{"v":0,"d":"0.00000"},{"$nulls":23},"16",null,"K","2",{"$nulls":3},"ROZPOCET",{"$nulls":5},{"v":0,"d":"0.00"},{"v":0,"d":"0.00"},{"v":0,"d":"0.00"},{"v":0,"d":"0.00"},{"v":0,"d":"0.00"},"2",{"v":0,"d":"0.00"},"16","1577640972"]
[null,null,"47","K","764171845","Krytina - odkvapové lemovanie, sklon strechy do 30°","m",{"v":21,"d":"21.000"},null,{"v":0,"d":"0.00"},null,null,"","znížená",null,{"v":0,"d":"0.00000"},{"v":1.42E-3,"d":"0.00142"},0.02982,{"v":0,"d":"0.00000"},{"v":0,"d":"0.00000"},{"$nulls":23},"16",null,"K","2",{"$nulls":3},"ROZPOCET",{"$nulls":5},{"v":0,"d":"0.00"},{"v":0,"d":"0.00"},{"v":0,"d":"0.00"},{"v":0,"d":"0.00"},{"v":0,"d":"0.00"},"2",{"v":0,"d":"0.00"},"16","-1290477102"]
[null,null,"48","K","764312822","Demontáž plechovej krytiny strešnej profilovanej, výrez, s príslušenstvom do 30st.,  -0,00751t","m2",{"v":62,"d":"62.000"},null,{"v":0,"d":"0.00"},null,null,"","znížená",null,{"v":0,"d":"0.00000"},{"v":0,"d":"0.00000"},{"v":0,"d":"0.00000"},0.00751,{"v":0.46562000000000003,"d":"0.46562"},{"$nulls":23},"16",null,"K","2",{"$nulls":3},"ROZPOCET",{"$nulls":5},{"v":0,"d":"0.00"},{"v":0,"d":"0.00"},{"v":0,"d":"0.00"},{"v":0,"d":"0.00"},{"v":0,"d":"0.00"},"2",{"v":0,"d":"0.00"},"16","-1855057744"]
[null,null,"49","K","764322840","Demontáž odkvapov na strechách s tvrdou krytinou bez podkladového plechu do 30° rš 500 mm,  -0,00380t","m",{"v":17,"d":"17.000"},null,{"v":0,"d":"0.00"},null,null,"","znížená",null,{"v":0,"d":"0.00000"},{"v":0,"d":"0.00000"},{"v":0,"d":"0.00000"},{"v":3.8E-3,"d":"0.00380"},{"v":0.0646,"d":"0.06460"},{"$nulls":23},"16",null,"K","2",{"$nulls":3},"ROZPOCET",{"$nulls":5},{"v":0,"d":"0.00"},{"v":0,"d":"0.00"},{"v":0,"d":"0.00"},{"v":0,"d":"0.00"},{"v":0,"d":"0.00"},"2",{"v":0,"d":"0.00"},"16","-624672422"]
[null,null,"50","K","764352810","Demontáž žľabov pododkvapových polkruhových so sklonom do 30st. rš 330 mm, s hákmi a  príslušenstvom  -0,00330t","m",{"v":17,"d":"17.000"},null,{"v":0,"d":"0.00"},null,null,"","znížená",null,{"v":0,"d":"0.00000"},{"v":0,"d":"0.00000"},{"v":0,"d":"0.00000"},{"v":3.3E-3,"d":"0.00330"},{"v":0.0561,"d":"0.05610"},{"$nulls":23},"16",null,"K","2",{"$nulls":3},"ROZPOCET",{"$nulls":5},{"v":0,"d":"0.00"},{"v":0,"d":"0.00"},{"v":0,"d":"0.00"},{"v":0,"d":"0.00"},{"v":0,"d":"0.00"},"2",{"v":0,"d":"0.00"},"16","-600290505"]
[null,null,"51","K","764359431","Kotlík štvorhranný z pozinkovaného farbeného PZf plechu, pre pododkvapové žľaby rozmerov 250x250x250 mm","ks",{"v":3,"d":"3.000"},null,{"v":0,"d":"0.00"},null,null,"","znížená",null,{"v":0,"d":"0.00000"},0.00465,{"v":0.013949999999999999,"d":"0.01395"},{"v":0,"d":"0.00000"},{"v":0,"d":"0.00000"},{"$nulls":23},"16",null,"K","2",{"$nulls":3},"ROZPOCET",{"$nulls":5},{"v":0,"d":"0.00"},{"v":0,"d":"0.00"},{"v":0,"d":"0.00"},{"v":0,"d":"0.00"},{"v":0,"d":"0.00"},"2",{"v":0,"d":"0.00"},"16","142038456"]
[null,null,"52","K","764454803","Demontáž odpadových rúr kruhových, s priemerom 100-150 mm, s objímkami a príslušenstvom -0,00356t","m",{"v":5,"d":"5.000"},null,{"v":0,"d":"0.00"},null,null,"","znížená",null,{"v":0,"d":"0.00000"},{"v":0,"d":"0.00000"},{"v":0,"d":"0.00000"},0.00356,{"v":0.0178,"d":"0.01780"},{"$nulls":23},"16",null,"K","2",{"$nulls":3},"ROZPOCET",{"$nulls":5},{"v":0,"d":"0.00"},{"v":0,"d":"0.00"},{"v":0,"d":"0.00"},{"v":0,"d":"0.00"},{"v":0,"d":"0.00"},"2",{"v":0,"d":"0.00"},"16","-709524608"]
[null,null,"53","K","764751113","Odpadová rúra kruhová D 120 mm s objímkami, kolenami, odskokmi s príslušenstvom","m",{"v":6,"d":"6.000"},null,{"v":0,"d":"0.00"},null,null,"","znížená",null,{"v":0,"d":"0.00000"},{"v":0.0027,"d":"0.00270"},{"v":0.0162,"d":"0.01620"},{"v":0,"d":"0.00000"},{"v":0,"d":"0.00000"},{"$nulls":23},"16",null,"K","2",{"$nulls":3},"ROZPOCET",{"$nulls":5},{"v":0,"d":"0.00"},{"v":0,"d":"0.00"},{"v":0,"d":"0.00"},{"v":0,"d":"0.00"},{"v":0,"d":"0.00"},"2",{"v":0,"d":"0.00"},"16","-238022030"]
[null,null,"54","K","764761123","Žľab pododkvapový polkruhový R 200 mm, vrátane čela, hákov, rohov, kútov  s príslušenstvom","m",{"v":21,"d":"21.000"},null,{"v":0,"d":"0.00"},null,null,"","znížená",null,{"v":0,"d":"0.00000"},0.00223,{"v":0.046830000000000004,"d":"0.04683"},{"v":0,"d":"0.00000"},{"v":0,"d":"0.00000"},{"$nulls":23},"16",null,"K","2",{"$nulls":3},"ROZPOCET",{"$nulls":5},{"v":0,"d":"0.00"},{"v":0,"d":"0.00"},{"v":0,"d":"0.00"},{"v":0,"d":"0.00"},{"v":0,"d":"0.00"},"2",{"v":0,"d":"0.00"},"16","903871464"]
[null,null,"55","K","998764202","Presun hmôt pre konštrukcie klampiarske v objektoch výšky nad 6 do 12 m","%",null,null,{"v":0,"d":"0.00"},null,null,"","znížená",null,{"v":0,"d":"0.00000"},{"v":0,"d":"0.00000"},{"v":0,"d":"0.00000"},{"v":0,"d":"0.00000"},{"v":0,"d":"0.00000"},{"$nulls":23},"16",null,"K","2",{"$nulls":3},"ROZPOCET",{"$nulls":5},{"v":0,"d":"0.00"},{"v":0,"d":"0.00"},{"v":0,"d":"0.00"},{"v":0,"d":"0.00"},{"v":0,"d":"0.00"},"2",{"v":0,"d":"0.00"},"16","807072547"]
[{"$nulls":3},"D","765","Konštrukcie - krytiny tvrdé",{"$nulls":3},{"$f":"BK119","v":{"v":0,"d":"0.00"}},{"$nulls":5},{"$f":"SUM(P120:P122)","v":{"v":0,"d":"0.00000"}},null,{"$f":"SUM(R120:R122)","v":0.04946},null,{"$f":"SUM(T120:T122)","v":{"v":0,"d":"0.00000"}},{"$nulls":23},"2",null,"D","1",{"$nulls":3},"ROZPOCET",{"$nulls":11},{"$f":"SUM(BK120:BK122)","v":{"v":0,"d":"0.00"}}]
[null,null,"56","K","765901023","Strešná fólia, na plné debnenie, prepojiť s jestvujúcou","m2",{"v":188,"d":"188.000"},null,{"$f":"ROUND(I120*H120,2)","v":{"v":0,"d":"0.00"}},null,null,"","znížená",null,{"$f":"O120*H120","v":{"v":0,"d":"0.00000"}},0.00024,{"$f":"Q120*H120","v":0.04512},{"v":0,"d":"0.00000"},{"$f":"S120*H120","v":{"v":0,"d":"0.00000"}},{"$nulls":23},"16",null,"K","2",{"$nulls":3},"ROZPOCET",{"$nulls":5},{"$f":"IF(N120=\"základná\",J120,0)","v":{"v":0,"d":"0.00"}},{"$f":"IF(N120=\"znížená\",J120,0)","v":{"v":0,"d":"0.00"}},{"$f":"IF(N120=\"zákl. prenesená\",J120,0)","v":{"v":0,"d":"0.00"}},{"$f":"IF(N120=\"zníž. prenesená\",J120,0)","v":{"v":0,"d":"0.00"}},{"$f":"IF(N120=\"nulová\",J120,0)","v":{"v":0,"d":"0.00"}},"2",{"$f":"ROUND(I120*H120,2)","v":{"v":0,"d":"0.00"}},"16","681977762"]
[null,null,"57","K","765901081R","Demontáž strešnej fólie, na plné debnenie","m2",{"v":62,"d":"62.000"},null,{"$f":"ROUND(I121*H121,2)","v":{"v":0,"d":"0.00"}},null,null,"","znížená",null,{"$f":"O121*H121","v":{"v":0,"d":"0.00000"}},{"v":7e-05,"d":"0.00007"},{"$f":"Q121*H121","v":{"v":0.004339999999999999,"d":"0.00434"}},{"v":0,"d":"0.00000"},{"$f":"S121*H121","v":{"v":0,"d":"0.00000"}},{"$nulls":23},"16",null,"K","2",{"$nulls":3},"ROZPOCET",{"$nulls":5},{"$f":"IF(N121=\"základná\",J121,0)","v":{"v":0,"d":"0.00"}},{"$f":"IF(N121=\"znížená\",J121,0)","v":{"v":0,"d":"0.00"}},{"$f":"IF(N121=\"zákl. prenesená\",J121,0)","v":{"v":0,"d":"0.00"}},{"$f":"IF(N121=\"zníž. prenesená\",J121,0)","v":{"v":0,"d":"0.00"}},{"$f":"IF(N121=\"nulová\",J121,0)","v":{"v":0,"d":"0.00"}},"2",{"$f":"ROUND(I121*H121,2)","v":{"v":0,"d":"0.00"}},"16","-1233095889"]
[null,null,"58","K","998765202","Presun hmôt pre tvrdé krytiny v objektoch výšky nad 6 do 12 m","%",null,null,{"$f":"ROUND(I122*H122,2)","v":{"v":0,"d":"0.00"}},null,null,"","znížená",null,{"$f":"O122*H122","v":{"v":0,"d":"0.00000"}},{"v":0,"d":"0.00000"},{"$f":"Q122*H122","v":{"v":0,"d":"0.00000"}},{"v":0,"d":"0.00000"},{"$f":"S122*H122","v":{"v":0,"d":"0.00000"}},{"$nulls":23},"16",null,"K","2",{"$nulls":3},"ROZPOCET",{"$nulls":5},{"$f":"IF(N122=\"základná\",J122,0)","v":{"v":0,"d":"0.00"}},{"$f":"IF(N122=\"znížená\",J122,0)","v":{"v":0,"d":"0.00"}},{"$f":"IF(N122=\"zákl. prenesená\",J122,0)","v":{"v":0,"d":"0.00"}},{"$f":"IF(N122=\"zníž. prenesená\",J122,0)","v":{"v":0,"d":"0.00"}},{"$f":"IF(N122=\"nulová\",J122,0)","v":{"v":0,"d":"0.00"}},"2",{"$f":"ROUND(I122*H122,2)","v":{"v":0,"d":"0.00"}},"16","-262028941"]
[{"$nulls":3},"D","766","Konštrukcie stolárske",{"$nulls":3},{"$f":"BK123","v":{"v":0,"d":"0.00"}},{"$nulls":5},{"$f":"SUM(P124:P126)","v":{"v":0,"d":"0.00000"}},null,{"$f":"SUM(R124:R126)","v":{"v":1.57E-3,"d":"0.00157"}},null,{"$f":"SUM(T124:T126)","v":{"v":0,"d":"0.00000"}},{"$nulls":23},"2",null,"D","1",{"$nulls":3},"ROZPOCET",{"$nulls":11},{"$f":"SUM(BK124:BK126)","v":{"v":0,"d":"0.00"}}]
[null,null,"59","K","76612120R","Montáž a dodávka drevených zástien s povrchovou úpravou - typ zjednotiť s jestvujúcou zástenou","m2",{"v":25,"d":"25.000"},null,{"$f":"ROUND(I124*H124,2)","v":{"v":0,"d":"0.00"}},null,null,"","znížená",null,{"$f":"O124*H124","v":{"v":0,"d":"0.00000"}},{"v":6e-05,"d":"0.00006"},{"$f":"Q124*H124","v":{"v":1.5E-3,"d":"0.00150"}},{"v":0,"d":"0.00000"},{"$f":"S124*H124","v":{"v":0,"d":"0.00000"}},{"$nulls":23},"16",null,"K","2",{"$nulls":3},"ROZPOCET",{"$nulls":5},{"$f":"IF(N124=\"základná\",J124,0)","v":{"v":0,"d":"0.00"}},{"$f":"IF(N124=\"znížená\",J124,0)","v":{"v":0,"d":"0.00"}},{"$f":"IF(N124=\"zákl. prenesená\",J124,0)","v":{"v":0,"d":"0.00"}},{"$f":"IF(N124=\"zníž. prenesená\",J124,0)","v":{"v":0,"d":"0.00"}},{"$f":"IF(N124=\"nulová\",J124,0)","v":{"v":0,"d":"0.00"}},"2",{"$f":"ROUND(I124*H124,2)","v":{"v":0,"d":"0.00"}},"16","-1963071336"]
[null,null,"60","K","766671002R","Demontáž a spätná montáž okna strešného, veľkosť okna 78x118 cm M 06 so zatepľovacou sadou, parozábranou a lemovaním, s vyrezaním nového otvoru a oplechovaním pôvodného","ks",{"v":1,"d":"1.000"},null,{"$f":"ROUND(I125*H125,2)","v":{"v":0,"d":"0.00"}},null,null,"","znížená",null,{"$f":"O125*H125","v":{"v":0,"d":"0.00000"}},{"v":7e-05,"d":"0.00007"},{"$f":"Q125*H125","v":{"v":7e-05,"d":"0.00007"}},{"v":0,"d":"0.00000"},{"$f":"S125*H125","v":{"v":0,"d":"0.00000"}},{"$nulls":23},"16",null,"K","2",{"$nulls":3},"ROZPOCET",{"$nulls":5},{"$f":"IF(N125=\"základná\",J125,0)","v":{"v":0,"d":"0.00"}},{"$f":"IF(N125=\"znížená\",J125,0)","v":{"v":0,"d":"0.00"}},{"$f":"IF(N125=\"zákl. prenesená\",J125,0)","v":{"v":0,"d":"0.00"}},{"$f":"IF(N125=\"zníž. prenesená\",J125,0)","v":{"v":0,"d":"0.00"}},{"$f":"IF(N125=\"nulová\",J125,0)","v":{"v":0,"d":"0.00"}},"2",{"$f":"ROUND(I125*H125,2)","v":{"v":0,"d":"0.00"}},"16","965179405"]
[null,null,"61","K","998766202","Presun hmot pre konštrukcie stolárske v objektoch výšky nad 6 do 12 m","%",null,null,{"$f":"ROUND(I126*H126,2)","v":{"v":0,"d":"0.00"}},null,null,"","znížená",null,{"$f":"O126*H126","v":{"v":0,"d":"0.00000"}},{"v":0,"d":"0.00000"},{"$f":"Q126*H126","v":{"v":0,"d":"0.00000"}},{"v":0,"d":"0.00000"},{"$f":"S126*H126","v":{"v":0,"d":"0.00000"}},{"$nulls":23},"16",null,"K","2",{"$nulls":3},"ROZPOCET",{"$nulls":5},{"$f":"IF(N126=\"základná\",J126,0)","v":{"v":0,"d":"0.00"}},{"$f":"IF(N126=\"znížená\",J126,0)","v":{"v":0,"d":"0.00"}},{"$f":"IF(N126=\"zákl. prenesená\",J126,0)","v":{"v":0,"d":"0.00"}},{"$f":"IF(N126=\"zníž. prenesená\",J126,0)","v":{"v":0,"d":"0.00"}},{"$f":"IF(N126=\"nulová\",J126,0)","v":{"v":0,"d":"0.00"}},"2",{"$f":"ROUND(I126*H126,2)","v":{"v":0,"d":"0.00"}},"16","2090480306"]
[{"$nulls":3},"D","783","Nátery",{"$nulls":3},{"$f":"BK127","v":{"v":0,"d":"0.00"}},{"$nulls":5},{"$f":"SUM(P128:P129)","v":{"v":0,"d":"0.00000"}},null,{"$f":"SUM(R128:R129)","v":{"v":0.10535250000000002,"d":"0.10535"}},null,{"$f":"SUM(T128:T129)","v":{"v":0,"d":"0.00000"}},{"$nulls":23},"2",null,"D","1",{"$nulls":3},"ROZPOCET",{"$nulls":11},{"$f":"SUM(BK128:BK129)","v":{"v":0,"d":"0.00"}}]
[null,null,"62","K","783626000","Nátery tesárskych a stolárskych výrobkov syntetické lazurovacím lakom napustením","m2",{"v":319.25,"d":"319.250"},null,{"$f":"ROUND(I128*H128,2)","v":{"v":0,"d":"0.00"}},null,null,"","znížená",null,{"$f":"O128*H128","v":{"v":0,"d":"0.00000"}},{"v":1.1E-4,"d":"0.00011"},{"$f":"Q128*H128","v":{"v":0.0351175,"d":"0.03512"}},{"v":0,"d":"0.00000"},{"$f":"S128*H128","v":{"v":0,"d":"0.00000"}},{"$nulls":23},"16",null,"K","2",{"$nulls":3},"ROZPOCET",{"$nulls":5},{"$f":"IF(N128=\"základná\",J128,0)","v":{"v":0,"d":"0.00"}},{"$f":"IF(N128=\"znížená\",J128,0)","v":{"v":0,"d":"0.00"}},{"$f":"IF(N128=\"zákl. prenesená\",J128,0)","v":{"v":0,"d":"0.00"}},{"$f":"IF(N128=\"zníž. prenesená\",J128,0)","v":{"v":0,"d":"0.00"}},{"$f":"IF(N128=\"nulová\",J128,0)","v":{"v":0,"d":"0.00"}},"2",{"$f":"ROUND(I128*H128,2)","v":{"v":0,"d":"0.00"}},"16","1626583520"]
[null,null,"63","K","783626200","Nátery tesárskych a stolárskych výrobkov syntetické lazurovacím lakom 2x lakovaním","m2",{"v":319.25,"d":"319.250"},null,{"$f":"ROUND(I129*H129,2)","v":{"v":0,"d":"0.00"}},null,null,"","znížená",null,{"$f":"O129*H129","v":{"v":0,"d":"0.00000"}},0.00022,{"$f":"Q129*H129","v":{"v":0.070235,"d":"0.07024"}},{"v":0,"d":"0.00000"},{"$f":"S129*H129","v":{"v":0,"d":"0.00000"}},{"$nulls":23},"16",null,"K","2",{"$nulls":3},"ROZPOCET",{"$nulls":5},{"$f":"IF(N129=\"základná\",J129,0)","v":{"v":0,"d":"0.00"}},{"$f":"IF(N129=\"znížená\",J129,0)","v":{"v":0,"d":"0.00"}},{"$f":"IF(N129=\"zákl. prenesená\",J129,0)","v":{"v":0,"d":"0.00"}},{"$f":"IF(N129=\"zníž. prenesená\",J129,0)","v":{"v":0,"d":"0.00"}},{"$f":"IF(N129=\"nulová\",J129,0)","v":{"v":0,"d":"0.00"}},"2",{"$f":"ROUND(I129*H129,2)","v":{"v":0,"d":"0.00"}},"16","-2105643418"]